书目信息 |
| 题名: |
计算机系统结构
|
|
| 作者: | 徐炜民 , 严允中 编著 | |
| 分册: | ||
| 出版信息: | 北京 电子工业出版社 2003.7 |
|
| 页数: | 274页 | |
| 开本: | 26cm | |
| 丛书名: | ||
| 单 册: | ||
| 中图分类: | TP303-43 | |
| 科图分类: | ||
| 主题词: | 计算机体系结构--高等教育--教材 , 计算机体系结构 | |
| 电子资源: | ||
| ISBN: | 7-5053-8854-1 | |
| 000 | 01061nam0 2200277 45 | |
| 001 | 012004085995 | |
| 005 | 20051207093257.48 | |
| 010 | @a7-5053-8854-1@dCNY22.00 | |
| 100 | @a20040104d2003 em y0chiy0121 ea | |
| 101 | 0 | @achi |
| 102 | @aCN@b110000 | |
| 105 | @ay zq 000yy | |
| 200 | 1 | @a计算机系统结构@Aji suan ji xi tong jie gou@f徐炜民,严允中编著 |
| 205 | @a2版 | |
| 210 | @a北京@c电子工业出版社@d2003.7 | |
| 215 | @a274页@d26cm | |
| 300 | @a普通高等教育“十五”国家级规划教材 中国计算机学会教育专业委员会、全国高等学校计算机教育研究会推荐出版 计算机学科教学计划2001 | |
| 320 | @a附参考文献(第274页) | |
| 330 | @a本书共分10章,介绍了计算机系统结构的基本概念,以及计算机系统结构的形成和发展过程,以现代计算机系统结构为主线,对计算机系统结构的合成、存储系统结构,流水线结构等进行了分析和探讨。 | |
| 606 | 0 | @a计算机体系结构@x高等教育@j教材 |
| 606 | 0 | @a计算机体系结构 |
| 690 | @aTP303-43@v4 | |
| 701 | 0 | @a徐炜民@Axu wei min@4编著 |
| 701 | 0 | @a严允中@Ayan yun zhong@4编著 |
| 801 | 0 | @aCN@bSRXX@c20051207 |
| 905 | @a10447@dTP303-43@eX814-2 | |
| 计算机系统结构/徐炜民,严允中编著.-2版.-北京:电子工业出版社,2003.7 |
| 274页;26cm |
| 普通高等教育“十五”国家级规划教材 中国计算机学会教育专业委员会、全国高等学校计算机教育研究会推荐出版 计算机学科教学计划2001 |
| ISBN 7-5053-8854-1:CNY22.00 |
| 本书共分10章,介绍了计算机系统结构的基本概念,以及计算机系统结构的形成和发展过程,以现代计算机系统结构为主线,对计算机系统结构的合成、存储系统结构,流水线结构等进行了分析和探讨。 |
| ● |
| 相关链接 |
|
|
|
正题名:计算机系统结构
索取号:TP303-43/X814-2
 
预约/预借
| 序号 | 登录号 | 条形码 | 馆藏地/架位号 | 状态 | 备注 |
| 1 | 546996 | 205469964 | 自科库301/301自科库 76排2列4层/ [索取号:TP303-43/X814-2] | 在馆 | |
| 2 | 546997 | 205469973 | 自科库301/301自科库 76排2列4层/ [索取号:TP303-43/X814-2] | 在馆 | |
| 3 | 546998 | 205469982 | 自科二线404/404自科库 17排1列2层/ [索取号:TP303-43/X814-2] | 在馆 |